000 01113nam a22003257a 4500
999 _c17995
_d17967
003 EG-ScBUE
005 20200310100703.0
008 140130t2007 mauak f b 001 0 eng d
020 _a0321491696
020 _a9780321491695
040 _aEG-ScBUE
_beng
_erda
_cEG-ScBUE
_dEG-ScBUE
082 0 4 _a005.453
_bCOM
_222
245 0 0 _aCompilers :
_bprinciples, techniques, & tools /
_cAlfred V. Aho, Columbia University [and three others]
250 _aSecond edition.
250 _aInternational edition.
264 1 _aBoston, MA :
_bPearson Education, Inc.,
_c[2007]
264 4 _cc2007
300 _a xxiv, 1009 pages :
_bforms, tables ;
_c25 cm
336 _2rdacontent
_atext
_btxt
337 _2rdamedia
_aunmediated
_bn
338 _2rdacarrier
_avolume
_bnc
500 _aIncludes appendices.
504 _aIncludes bibliographical references and index.
650 7 _aCompilers (Computer programs)
_2BUEsh
_913036
653 _cJanuary2014
_bCOMSCI
655 _vReading book
_934232
700 1 _aAho, Alfred V.,
_eauthor.
_917981
942 _2ddc
_k005.453 COM
_cBB